00543nam a2200157Ia 4500008004100000020001500041041001200056100001900068245005100087260003000138300000800168650001600176942000700192999001700199952016900216221030s9999 xx 000 0 und d a8176563587 aEnglish aY. P. Kanetkar 0aUnderstanding Pointers in Ccby Y. P. Kanetkar bBPB Pub.aNew Delhic1999 a501 aBB Computer cBK c18879d18879 pBB 1013g195.00l0eDonationr2025-05-17 00:00:00w2022-10-30yBK003Print4070aMIETLIBbMIETLIBcBL-Academic Block B, FL-2, CUP-73, SH-2, R-2d2022-02-0110HBB